Normal view
MARC view
- CERNICA, N. JHON
Entry Personal Name
001 - CONTROL NUMBER
- control field: 85981
003 - CONTROL NUMBER IDENTIFIER
- control field: NUST
005 - DATE AND TIME OF LATEST TRANSACTION
- control field: 20211207154219.0
008 - FIXED-LENGTH DATA ELEMENTS
- fixed length control field: 211207|| aca||aabn | a|a d
040 ## - CATALOGING SOURCE
- Original cataloging agency: NUST
- Transcribing agency: NUST
100 ## - HEADING--PERSONAL NAME
- Personal name: CERNICA, N. JHON
670 ## - SOURCE DATA FOUND
- Source citation: Work cat.: (NUST): CERNICA, N. JHON., FUNDATION DESIGN /, 1995.
